| 000 | 00552nam a22002173a 4500 | ||
|---|---|---|---|
| 999 |
_c6827 _d6827 |
||
| 001 | 6827 | ||
| 003 | UkOxU | ||
| 005 | 20180304175102.0 | ||
| 008 | 500101s1960 xx j 000 1 und d | ||
| 035 | _aOCLC pks02843650 from D950617K | ||
| 040 |
_aEQO _cEQO _dBD-JhCC |
||
| 041 | _aeng | ||
| 082 |
_a823.914 _bBUR 1960 |
||
| 100 | 1 | _aBurton, Hester. | |
| 245 | 1 | 4 |
_aThe great gale / _cHester Burton. |
| 260 |
_aLondon, _c1960 _bOxford University Press, |
||
| 300 |
_a207 p. : _c22cm. |
||
| 650 | _aChildren's Stories | ||
| 942 |
_2ddc _cBK |
||